000 00414nam a22001577a 4500
003 OSt
005 20160623144754.0
008 160623b xxu||||| |||| 00| 0 eng d
020 _a0060582510
040 _cN/A
050 _aPS 3552
_b.A446 2004
100 _aSean Hannity
245 _aDeliver us from evil
_bdefeating terrorism,despotism and liberalism
260 _anew york
_bHarperCollins
942 _2lcc
_cBK
999 _c254629
_d254628